[Event "POL-ch disabled"]
[Site "Rowy"]
[Date "2009.09.06"]
[Round "8.17"]
[White "Zarow, Zdzislaw"]
[Black "Bonczek, Andrzej"]
[Result "1-0"]
[WhiteElo "2016"]
[BlackElo "1853"]
[PlyCount "67"]
[EventDate "2009.09.01"]
[EventType "swiss"]
[EventRounds "9"]
[EventCountry "POL"]
[SourceTitle "EXT 2023"]
[Source "ChessBase"]
[SourceDate "2022.10.05"]
[SourceVersion "1"]
[SourceVersionDate "2022.10.05"]
[SourceQuality "1"]

1. e4 c6 2. f4 Nf6 3. e5 Nd5 4. c4 Nxf4 5. d4 Ne6 6. Nc3 g6 7. Nf3 Bg7 8. Be3 0-0 9. Qd2 d6 10. Bh6 Nd7 11. Bxg7 Kxg7 12. 0-0-0 Qa5 13. Qe3 d5 14. h4 h6 15. h5 g5 16. g3 dxc4 17. Bxc4 Nb6 18. Bd3 Nd5 19. Qe4 Rh8 20. Rh2 Nxc3 21. bxc3 Qxc3+ 22. Kb1 Bd7 23. Rc1 Qa5 24. Rb2 Rab8 25. Rf1 Qd5 26. Qe3 Qa5 27. Nd2 b5 28. Nb3 Qb6 29. Rbf2 Rbf8 30. Qe4 Be8 31. Rc2 a5 32. Nc5 Qd8 33. Rxf7+ Bxf7 34. Nxe6+ 1-0

[Event "POL-ch disabled"]
[Site "Chotowa"]
[Date "2007.05.30"]
[Round "8.15"]
[White "Bonczek, Andrzej"]
[Black "Twardowski, Edward"]
[Result "1-0"]
[WhiteElo "1907"]
[BlackElo "1873"]
[PlyCount "71"]
[EventDate "2007.05.26"]
[EventType "swiss"]
[EventRounds "9"]
[EventCountry "POL"]
[SourceTitle "EXT 2023"]
[Source "ChessBase"]
[SourceDate "2022.10.05"]
[SourceVersion "1"]
[SourceVersionDate "2022.10.05"]
[SourceQuality "1"]

1. e4 e5 2. Nc3 d6 3. Bc4 c6 4. a4 Nf6 5. d4 exd4 6. Qxd4 Be7 7. Nf3 0-0 8. 0-0 Bg4 9. Rd1 Nbd7 10. Bf4 Bxf3 11. gxf3 d5 12. exd5 Bc5 13. Qd2 Nb6 14. Bb3 Nbxd5 15. Nxd5 Nxd5 16. Bxd5 cxd5 17. b4 Bd6 18. c3 Rc8 19. Rac1 Bxf4 20. Qxf4 Qd7 21. a5 Rc4 22. Rd4 Rxd4 23. Qxd4 Qf5 24. Qg4 Qxg4+ 25. fxg4 f5 26. Rd1 fxg4 27. Rxd5 h6 28. c4 Rf7 29. b5 Kf8 30. Rd8+ Ke7 31. Ra8 Kd6 32. Rxa7 Kc5 33. a6 Kb6 34. Rxb7+ Rxb7 35. axb7 Kxb7 36. c5 1-0

[Event "POL-ch disabled"]
[Site "Chotowa"]
[Date "2007.05.28"]
[Round "4.15"]
[White "Bonczek, Andrzej"]
[Black "Szczerbak, Stefan"]
[Result "1/2-1/2"]
[WhiteElo "780"]
[BlackElo "717"]
[PlyCount "34"]
[EventDate "2007.05.26"]
[EventType "swiss"]
[EventRounds "9"]
[EventCountry "POL"]
[SourceTitle "EXT 2023"]
[Source "ChessBase"]
[SourceDate "2022.10.05"]
[SourceVersion "1"]
[SourceVersionDate "2022.10.05"]
[SourceQuality "1"]

1. e4 c5 2. Nc3 e6 3. Bc4 a6 4. a3 b5 5. Ba2 Bb7 6. d3 Nf6 7. Qe2 Be7 8. Nf3 d6 9. 0-0 0-0 10. Bg5 Nbd7 11. Rad1 h6 12. Bh4 Nh7 13. Bxe7 Qxe7 14. h3 Nhf6 15. Nh2 Bc6 16. f4 Nh7 17. Rde1 Nhf6 1/2-1/2